[Event "GER-ch Women 2020"]
[Site "Magdeburg"]
[Date "2020.08.18"]
[Round "4.9"]
[White "Bardorz, Jana"]
[Black "Hielscher, Ursula"]
[Result "1-0"]
[WhiteElo "2000"]
[BlackElo "1789"]
[Annotator "NA"]
[PlyCount "87"]
[EventDate "2020.08.16"]
[EventType "swiss"]
[EventCountry "GER"]
[SourceTitle "playchess.com"]
[Source "ChessBase"]
[SourceQuality "1"]
[TimeControl "40/5400+30:1800+30"]

1. e4 {[%emt 0:00:00]} e6 {[%emt 0:00:00]} 2. d4 {[%emt 0:00:00]} d5 {[%emt 0:00:00]} 3. e5 {[%emt 0:00:00]} c5 {[%emt 0:00:00]} 4. c3 {[%emt 0:00:00]} Nc6 {[%emt 0:00:00]} 5. Nf3 {[%emt 0:00:00]} Qb6 {[%emt 0:00:27]} 6. a3 {[%emt 0:00:26]} Nge7 {[%emt 0:01:50]} 7. b4 {[%emt 0:00:18]} cxd4 {[%emt 0:00:33]} 8. cxd4 {[%emt 0:00:17]} Nf5 {[%emt 0:01:06]} 9. Be3 {[%emt 0:01:00]} Nxe3 {[%emt 0:01:01]} 10. fxe3 {[%emt 0:00:07]} Be7 {[%emt 0:02:43]} 11. Bd3 {[%emt 0:01:20]} Bd7 {[%emt 0:01:40] C02: French: Advance Variation.} 12. Nc3 {[%emt 0:02:11]} a6 {[%emt 0:06:49]} 13. Na4 {[%emt 0:07:30]} Qd8 {[%emt 0:06:21]} 14. Nc5 {[%emt 0:03:09] [#]} Bxc5 $146 {[%emt 0:04:55]} ({Predecessor:} 14... Qc8 15. Rc1 O-O 16. O-O Be8 17. Qc2 g6 18. Qf2 b6 19. Nb3 Qb7 20. Qg3 Na7 {1-0 (62) Kontic,D (2306)-Zhukov,A (1582) Petrovac 2015}) 15. bxc5 {[%emt 0:01:44]} Qa5+ {[%emt 0:00:23]} 16. Nd2 {[%emt 0:03:52]} Qc3 {[%emt 0:03:29]} 17. Ke2 {[%emt 0:09:21]} Nxd4+ {[%emt 0:21:45]} 18. exd4 {[%emt 0:00:27]} Qxd4 {[%emt 0:00:04]} 19. Nf3 {[%emt 0:03:22]} Qxc5 {[%emt 0:00:38]} 20. Qb3 {[%emt 0:02:56]} Bc6 {[%emt 0:04:10]} 21. Rac1 {[%emt 0:06:23]} Qe7 {[%emt 0:03:28]} 22. Qb4 {[%emt 0:07:00]} Qxb4 {[%emt 0:03:57]} 23. axb4 {[%emt 0:00:06]} h6 {[%emt 0:01:24]} 24. Nd4 {[%emt 0:03:44]} Kd7 {[%emt 0:01:03]} 25. Rc5 {[%emt 0:04:51]} Rhc8 {[%emt 0:03:27]} 26. Rf1 {[%emt 0:03:27]} Ke7 {[%emt 0:01:31]} 27. Rfc1 {[%emt 0:04:41]} Kd7 {[%emt 0:00:17]} 28. Kd2 {[%emt 0:04:40]} f6 {[%emt 0:02:42]} 29. exf6 {[%emt 0:00:40]} gxf6 {[%emt 0:00:01]} 30. Re1 {[%emt 0:05:01]} Re8 {[%emt 0:03:16]} 31. Nxe6 {[%emt 0:09:39]} Rxe6 {[%emt 0:02:23]} 32. Bf5 {[%emt 0:00:06]} Rae8 {[%emt 0:00:05]} 33. Rc3 {[%emt 0:01:43]} Kd6 {[%emt 0:01:51]} 34. Rxe6+ {[%emt 0:00:17]} Rxe6 {[%emt 0:00:06]} 35. Bxe6 {[%emt 0:00:05]} Kxe6 {[%emt 0:00:02]} 36. Rh3 {[%emt 0:00:52]} Ke5 {[%emt 0:01:32]} 37. Rxh6 {[%emt 0:02:36]} Kf5 {[%emt 0:04:07]} 38. Kd3 {[%emt 0:02:26]} Kg5 {[%emt 0:01:23]} 39. Rh8 {[%emt 0:00:55]} Kg6 {[%emt 0:01:48]} 40. Kd4 $18 {[%emt 0:01:59]} Kf5 {[%emt 0:03:18]} 41. g3 {[%emt 0:32:14]} Kg4 {[%emt 0:31:07]} 42. Rf8 {[%emt 0:02:55]} Kh3 {[%emt 0:00:17]} 43. Rxf6 {[%emt 0:01:02]} Kxh2 {[%emt 0:00:05]} 44. g4 {[%emt 0:00:15]} 1-0

[Event "GER-ch Women 2020"]
[Site "Magdeburg"]
[Date "2020.08.18"]
[Round "4.10"]
[White "Brunner, Sophia"]
[Black "Zimmer, Elke"]
[Result "1-0"]
[WhiteElo "1881"]
[BlackElo "1952"]
[Annotator "ChessBase"]
[PlyCount "81"]
[EventDate "2020.08.16"]
[EventType "swiss"]
[EventCountry "GER"]
[SourceTitle "playchess.com"]
[Source "ChessBase"]
[SourceQuality "1"]
[TimeControl "40/5400+30:1800+30"]

1. d4 {[%emt 0:00:00]} d5 {[%emt 0:00:00]} 2. Nf3 {[%emt 0:00:00]} Nf6 {[%emt 0:00:06]} 3. g3 {[%emt 0:00:21]} e6 {[%emt 0:00:36]} 4. Bg2 {[%emt 0:00:38]} c5 {[%emt 0:00:39]} 5. O-O {[%emt 0:02:41]} Nc6 {[%emt 0:00:24]} 6. b3 {[%emt 0:03:57]} Be7 {[%emt 0:05:30]} 7. Bb2 {[%emt 0:01:41]} O-O {[%emt 0:00:38]} 8. Nbd2 {[%emt 0:05:40]} cxd4 {[%emt 0:08:15]} 9. Nxd4 {[%emt 0:00:28]} Bd7 {[%emt 0:01:34]} 10. Nxc6 {[%emt 0:22:51]} Bxc6 {[%emt 0:02:19]} 11. Nf3 {[%emt 0:00:22]} b6 {[%emt 0:11:52]} 12. Ne5 {[%emt 0:04:31]} Bb7 {[%emt 0:01:29]} 13. c4 {[%emt 0:05:01]} Rc8 {[%emt 0:13:12]} 14. Rc1 {[%emt 0:02:39]} Ba8 {[%emt 0:08:26]} 15. e3 {[%emt 0:11:36]} a6 {[%emt 0:08:44]} 16. Qe2 {[%emt 0:05:08]} a5 {[%emt 0:05:01]} 17. Rfd1 {[%emt 0:02:57]} Bc5 {[%emt 0:00:21]} 18. cxd5 {[%emt 0:01:28]} exd5 {[%emt 0:00:34]} 19. Nd3 {[%emt 0:03:39]} Bd6 {[%emt 0:01:59]} 20. Rxc8 {[%emt 0:01:24]} Qxc8 {[%emt 0:00:10]} 21. Bd4 {[%emt 0:08:30]} Ne4 {[%emt 0:02:06]} 22. Rc1 {[%emt 0:00:57]} Qe6 {[%emt 0:01:06]} 23. Qb2 {[%emt 0:05:29]} Qg6 {[%emt 0:02:47]} 24. Ne5 {[%emt 0:01:27]} Bxe5 {[%emt 0:04:08]} 25. Bxe5 {[%emt 0:00:02]} Nc5 {[%emt 0:00:43]} 26. Bf1 {[%emt 0:06:08]} d4 {[%emt 0:06:38]} 27. Bxd4 {[%emt 0:01:06]} Nd3 {[%emt 0:02:46]} 28. Bxd3 {[%emt 0:00:36]} Qxd3 {[%emt 0:00:05]} 29. Qc2 {[%emt 0:00:56]} Qb5 {[%emt 0:00:06]} 30. e4 {[%emt 0:01:12]} Re8 {[%emt 0:00:39]} 31. f3 {[%emt 0:00:23]} h5 {[%emt 0:01:58]} 32. Qc4 {[%emt 0:01:10]} Qg5 {[%emt 0:00:27]} 33. Bxb6 {[%emt 0:00:44]} h4 {[%emt 0:00:10]} 34. Bf2 {[%emt 0:00:12]} h3 {[%emt 0:01:30]} 35. Rd1 {[%emt 0:00:30]} Qf6 {[%emt 0:00:17]} 36. Qd3 {[%emt 0:00:32]} Bc6 {[%emt 0:01:20]} 37. Bd4 {[%emt 0:00:19]} Qg5 {[%emt 0:03:38]} 38. Bb2 {[%emt 0:00:35]} Bb5 {[%emt 0:02:43]} 39. Qd2 {[%emt 0:00:31]} Qh5 {[%emt 0:03:23]} 40. Qc3 {[%emt 0:00:44]} Qg5 {[%emt 0:00:16]} 41. Rd5 {[%emt 0:30:50]} 1-0

[Event "GER-ch Women 2020"]
[Site "Magdeburg"]
[Date "2020.08.18"]
[Round "4.11"]
[White "Schumann, Rabea"]
[Black "Reitz, Theresa"]
[Result "1-0"]
[WhiteElo "1871"]
[BlackElo "1942"]
[Annotator "TA"]
[PlyCount "99"]
[EventDate "2020.08.16"]
[EventType "swiss"]
[EventCountry "GER"]
[SourceTitle "playchess.com"]
[Source "ChessBase"]
[SourceQuality "1"]

{[%evp 9,99,14,10,14,19,15,20,12,15,19,25,24,28,34,37,9,28,16,16,0,15,-6,58,0,97,0,0,-22,-23,-35,56,-15,10,16,13,-15,0,4,2,13,147,152,187,83,156,168,172,163,184,116,149,-42,157,145,231,223,217,218,211,219,338,322,306,300,447,460,450,439,481,498,660,575,730,641,614,495,1694,1690,1504,1442,2120,2029,1575,1498,1420,1300,1431,1442,2456,2373,1672,1597]} 1. c4 e5 2. g3 Nc6 3. Bg2 f5 4. d3 Bb4+ 5. Bd2 Bxd2+ 6. Qxd2 {A20: English Opening: 1...e5.} Nf6 7. Nc3 d6 8. e3 {The position is equal.} Be6 9. Nge2 O-O {[#]} 10. O-O $146 ({Predecessor:} 10. Nd5 Bxd5 11. cxd5 Ne7 12. Nc3 Qe8 13. O-O Kh8 14. Rac1 a6 15. f4 exf4 16. gxf4 {0-1 (38) Nei,I (2410)-Conquest,S (2495) Komotini 1992}) 10... d5 11. cxd5 Nxd5 12. Rfd1 Nce7 13. Rac1 c6 14. a3 Qd7 15. b4 f4 (15... Rad8 $11) 16. Nxd5 (16. gxf4 exf4 17. exf4 Nxc3 $15) (16. exf4 $14 exf4 17. Nxd5 (17. Nxf4 Nxf4 18. gxf4 Ng6 $17) 17... Bxd5 18. Nxf4) 16... Nxd5 (16... Bxd5 $11 17. exf4 Bxg2 18. Kxg2 Ng6) 17. e4 (17. gxf4 exf4 18. Nxf4 Nxf4 $15) (17. exf4 $16 exf4 18. Bxd5 Bxd5 19. Nxf4) 17... Bh3 {White must now prevent ...Bxg2.} 18. Bh1 Nc7 {Hoping for ...f3.} 19. f3 Rf6 (19... Ne6 $15) 20. Qc3 (20. d4 $14) 20... Re8 21. d4 $1 {[%cal Rd4e5]} Rd6 22. d5 Nb5 23. Qb3 {dxc6+ is the strong threat.} Kh8 24. dxc6 Rxd1+ (24... bxc6 $11 {remains equal.} 25. Bg2 (25. gxf4 Nd4 $11) 25... Be6 26. Rxd6 Qxd6) 25. Qxd1 $16 Qc7 26. cxb7 (26. Qd5 $18 {and White stays clearly on top.} Qb6+ 27. Qc5) 26... Qxb7 (26... Rd8 $142 27. Qe1 Qxb7) 27. gxf4 Qb6+ 28. Rc5 Nxa3 {[#]} 29. Qb3 $40 {[%mdl 128] Black is in trouble.} ({Don't play} 29. fxe5 Qxb4 30. Rc1 Qb5 $16) ({White should play} 29. Qa4 $1 $18 {[%cal Ra4e8]} Rd8 30. Qxa3 (30. fxe5 Nc4 $11) 30... Rd1+ 31. Kf2 Rxh1 32. Qa5) 29... Nb5 30. Qe3 $2 (30. fxe5 $16 {Strongly threatening Nf4.} Rxe5 {[#]} 31. Qf7 $1 {[%mdl 512]}) 30... Rd8 $2 (30... Nd4 $1 $15 {stays ahead.}) 31. Kf2 {White stays focused until the end.} Nd4 (31... Qf6 $16) 32. Rxe5 $18 Nxe2 33. Qxb6 axb6 34. Kxe2 {[%mdl 4096] Endgame KRB-KRB} h6 (34... Kg8 $142 35. Rb5 Rc8) 35. f5 Ra8 36. Kf2 Ra2+ (36... Ra1 {was necessary.} 37. Kg3 Bf1) 37. Kg3 {White is clearly winning.} Bf1 38. Re6 b5 39. Rd6 h5 40. h4 Rb2 41. Rd4 Bc4 42. Bg2 Rxb4 {[#]} (42... Kg8 $142 43. e5 Kf7 44. Rd7+ Kf8) 43. Bf1 $1 {[%mdl 512]} Kg8 (43... Bxf1 44. Rxb4) 44. Kf4 Ra4 45. Bxc4+ bxc4 46. Rd8+ Kf7 47. Rc8 Ke7 48. e5 c3+ 49. Kg5 Ra5 50. f4 {Accuracy: White = 72%, Black = 38%.} 1-0

[Event "GER-ch Women 2020"]
[Site "Magdeburg"]
[Date "2020.08.19"]
[Round "5.1"]
[White "Bashylina, Luisa"]
[Black "Burchardt, Brigitte"]
[Result "0-1"]
[WhiteElo "1975"]
[BlackElo "2091"]
[Annotator "NA"]
[PlyCount "68"]
[EventDate "2020.08.16"]
[EventType "swiss"]
[EventCountry "GER"]
[SourceTitle "playchess.com"]
[Source "ChessBase"]
[SourceQuality "1"]
[TimeControl "40/5400+30:1800+30"]

1. e4 {[%emt 0:00:00]} c5 {[%emt 0:00:00]} 2. Nf3 {[%emt 0:00:00]} d6 {[%emt 0:00:00]} 3. d4 {[%emt 0:00:00]} cxd4 {[%emt 0:00:00]} 4. Qxd4 {[%emt 0:00:00]} Nc6 {[%emt 0:05:47]} 5. Bb5 {[%emt 0:00:00]} Bd7 {[%emt 0:00:06]} 6. Bxc6 {[%emt 0:00:01]} Bxc6 {[%emt 0:00:03]} 7. Nc3 {[%emt 0:00:06]} Nf6 {[%emt 0:03:01]} 8. Bg5 {[%emt 0:00:05]} e6 {[%emt 0:02:02]} 9. Qd3 {[%emt 0:00:45] B53: Sicilian: 2...d6: Lines with Qxd4.} h6 {[%emt 0:07:25]} 10. Bh4 {[%emt 0:02:20]} Qa5 {[%emt 0:16:57]} (10... Be7 $11 {remains equal.}) 11. O-O-O {[%emt 0:03:13]} (11. Bxf6 $5 gxf6 12. O-O $14) 11... Be7 {[%emt 0:03:56]} 12. Nd4 {[%emt 0:02:31]} O-O {[%emt 0:04:03]} 13. f4 {[%emt 0:01:03]} Rfe8 {[%emt 0:03:40]} 14. Bxf6 {[%emt 0:10:29]} Bxf6 {[%emt 0:00:36]} 15. g4 {[%emt 0:00:24] [#]} Rad8 $146 {[%emt 0:01:16]} ({Predecessor:} 15... e5 16. Nxc6 bxc6 17. f5 Rad8 18. h4 d5 19. Kb1 dxe4 20. Qxe4 Rxd1+ 21. Nxd1 Rd8 {1-0 (29) Movsesian,S (2658)-Kogan,A (2567) playchess.com INT 2006}) 16. h4 {[%emt 0:02:27]} Bxd4 {[%emt 0:03:02]} 17. Qxd4 {[%emt 0:00:28]} e5 {[%emt 0:00:08]} 18. Qg1 {[%emt 0:14:37]} (18. fxe5 $11 Qxe5 19. Qxe5 Rxe5 20. Rd4) 18... exf4 {[%emt 0:03:16]} 19. g5 {[%emt 0:00:28]} h5 {[%emt 0:00:51]} 20. g6 {[%emt 0:01:59]} ({White should try} 20. Qd4 $15) 20... fxg6 {[%emt 0:02:58]} 21. Qxg6 {[%emt 0:00:49]} Qe5 {[%emt 0:00:19]} 22. Rhg1 {[%emt 0:03:08]} Re6 {[%emt 0:03:01]} 23. Qg2 {[%emt 0:01:16]} Qf6 {[%emt 0:03:44]} 24. Qe2 {[%emt 0:17:12]} Qf7 {[%emt 0:18:37]} 25. Rg5 {[%emt 0:03:35]} f3 $19 {[%emt 0:00:07]} 26. Qe3 {[%emt 0:02:09]} g6 {[%emt 0:02:20]} 27. e5 {[%emt 0:07:55]} Rde8 {[%emt 0:01:06]} 28. Qd3 {[%emt 0:06:11]} dxe5 {[%emt 0:01:11]} 29. Rdg1 {[%emt 0:00:39]} e4 {[%emt 0:00:23]} 30. Qc4 {[%emt 0:00:41]} Kh7 {[%emt 0:01:46]} 31. Nd1 {[%emt 0:03:11]} b5 {[%emt 0:02:54]} 32. Qb3 {[%emt 0:02:51]} f2 {[%emt 0:00:54]} 33. Rf1 {[%emt 0:00:17]} e3 {[%emt 0:00:57]} 34. Nxe3 {[%emt 0:00:25]} Qf4 0-1

[Event "GER-ch Women 2020"]
[Site "Magdeburg"]
[Date "2020.08.19"]
[Round "5.2"]
[White "Vidonyak, Nellya"]
[Black "Osmanodja, Filiz"]
[Result "1-0"]
[WhiteElo "2136"]
[BlackElo "2293"]
[Annotator "ChessBase"]
[PlyCount "97"]
[EventDate "2020.08.16"]
[EventType "swiss"]
[EventCountry "GER"]
[SourceTitle "playchess.com"]
[Source "ChessBase"]
[SourceQuality "1"]
[TimeControl "40/5400+30:1800+30"]

1. d4 {[%emt 0:00:00]} Nf6 {[%emt 0:00:00]} 2. Nf3 {[%emt 0:00:00]} e6 {[%emt 0:00:00]} 3. Bf4 {[%emt 0:02:17]} c5 {[%emt 0:06:03]} 4. e3 {[%emt 0:05:29]} Qb6 {[%emt 0:00:20]} 5. Nbd2 {[%emt 0:05:56]} Qxb2 {[%emt 0:05:56]} 6. Bc4 {[%emt 0:03:35]} Nc6 {[%emt 0:07:05]} 7. Rb1 {[%emt 0:03:35]} Qa3 {[%emt 0:04:56]} 8. dxc5 {[%emt 0:08:01]} Qxc5 {[%emt 0:03:32]} 9. Rb5 {[%emt 0:00:30]} Qe7 {[%emt 0:00:26]} 10. O-O {[%emt 0:01:25]} d5 {[%emt 0:00:43]} 11. Be2 {[%emt 0:01:09]} a6 {[%emt 0:01:42]} 12. Rb6 {[%emt 0:03:27]} Qd8 {[%emt 0:06:13]} 13. Rb1 {[%emt 0:00:08]} b5 {[%emt 0:04:07]} 14. c3 {[%emt 0:02:45]} Bd7 {[%emt 0:08:47]} 15. a4 {[%emt 0:02:18]} bxa4 {[%emt 0:07:05]} 16. Qxa4 {[%emt 0:00:34]} Be7 {[%emt 0:03:21]} 17. Qa2 {[%emt 0:02:33]} O-O {[%emt 0:01:49]} 18. Rb7 {[%emt 0:02:33]} Bc8 {[%emt 0:03:52]} 19. Rb2 {[%emt 0:04:06]} Nh5 {[%emt 0:06:41]} 20. Be5 {[%emt 0:01:39]} Nf6 {[%emt 0:06:49]} 21. Bg3 {[%emt 0:03:03]} a5 {[%emt 0:02:53]} 22. Bb5 {[%emt 0:04:17]} Na7 {[%emt 0:01:21]} 23. Ba4 {[%emt 0:01:55]} Ba6 {[%emt 0:02:16]} 24. Rfb1 {[%emt 0:01:51]} Bd3 {[%emt 0:00:29]} 25. Ra1 {[%emt 0:00:29]} Bd6 {[%emt 0:06:02]} 26. Ne5 {[%emt 0:01:24]} Bf5 {[%emt 0:01:43]} 27. c4 {[%emt 0:01:12]} Rc8 {[%emt 0:05:31]} 28. Bd1 {[%emt 0:00:57]} Bxe5 {[%emt 0:01:52]} 29. Bxe5 {[%emt 0:00:06]} Nc6 {[%emt 0:00:01]} 30. Bc3 {[%emt 0:04:43]} Bd3 {[%emt 0:00:25]} 31. c5 {[%emt 0:09:38]} Qe7 {[%emt 0:00:01]} 32. Qa3 {[%emt 0:00:37]} Bg6 {[%emt 0:01:26]} 33. Rc1 {[%emt 0:02:18]} e5 {[%emt 0:00:18]} 34. Nb3 {[%emt 0:02:49]} d4 {[%emt 0:00:23]} 35. exd4 {[%emt 0:01:33]} exd4 {[%emt 0:00:34]} 36. Re2 {[%emt 0:00:39]} Qd7 {[%emt 0:00:56]} 37. Rd2 {[%emt 0:01:43]} Qe6 {[%emt 0:01:25]} 38. Rxd4 {[%emt 0:03:05]} Nxd4 {[%emt 0:00:14]} 39. Nxd4 {[%emt 0:00:02]} Qd5 {[%emt 0:01:19]} 40. c6 {[%emt 0:00:01]} Rfe8 {[%emt 0:00:43]} 41. Bb3 {[%emt 0:31:52]} Qg5 {[%emt 0:05:42]} 42. Nf3 {[%emt 0:00:00]} Qf4 {[%emt 0:03:33]} 43. Bd2 {[%emt 0:00:00]} Qe4 {[%emt 0:05:07]} 44. Ba4 {[%emt 0:00:00]} Bh5 {[%emt 0:03:28]} 45. Re1 {[%emt 0:00:00]} Qd5 {[%emt 0:01:05]} 46. Rxe8+ {[%emt 0:00:00]} Rxe8 {[%emt 0:02:53]} 47. c7 {[%emt 0:00:00]} Qxd2 {[%emt 0:04:40]} 48. Nxd2 {[%emt 0:00:00]} Re1+ {[%emt 0:00:21]} 49. Nf1 {[%emt 0:00:00]} 1-0

[Event "GER-ch Women 2020"]
[Site "Magdeburg"]
[Date "2020.08.19"]
[Round "5.3"]
[White "Rogozenco, Teodora"]
[Black "Voicu-Jagodzinsky, Carmen"]
[Result "0-1"]
[WhiteElo "1979"]
[BlackElo "2244"]
[Annotator "ChessBase"]
[PlyCount "74"]
[EventDate "2020.08.16"]
[EventType "swiss"]
[EventCountry "GER"]
[SourceTitle "playchess.com"]
[Source "ChessBase"]
[SourceQuality "1"]
[TimeControl "40/5400+30:1800+30"]

1. d4 {[%emt 0:00:00]} Nf6 {[%emt 0:00:00]} 2. c4 {[%emt 0:00:00]} c5 {[%emt 0:00:00]} 3. d5 {[%emt 0:00:08]} e6 {[%emt 0:00:00]} 4. Nc3 {[%emt 0:00:36]} exd5 {[%emt 0:00:00]} 5. cxd5 {[%emt 0:00:14]} d6 {[%emt 0:00:00]} 6. Nf3 {[%emt 0:00:23]} g6 {[%emt 0:00:00]} 7. h3 {[%emt 0:00:20]} Bg7 {[%emt 0:00:36]} 8. e4 {[%emt 0:00:25]} O-O {[%emt 0:00:06]} 9. Bd3 {[%emt 0:00:19]} b5 {[%emt 0:00:42]} 10. Bxb5 {[%emt 0:00:45]} Nxe4 {[%emt 0:01:38]} 11. Nxe4 {[%emt 0:00:30]} Qa5+ {[%emt 0:00:03]} 12. Nfd2 {[%emt 0:00:48]} Qxb5 {[%emt 0:00:08]} 13. Nxd6 {[%emt 0:00:35]} Qa6 {[%emt 0:00:11]} 14. N2c4 {[%emt 0:00:47]} Nd7 {[%emt 0:00:19]} 15. O-O {[%emt 0:00:43]} Ne5 {[%emt 0:00:10]} 16. Nxc8 {[%emt 0:15:38]} Raxc8 {[%emt 0:00:26]} 17. Nxe5 {[%emt 0:02:08]} Bxe5 {[%emt 0:00:05]} 18. Re1 {[%emt 0:07:49]} Rfe8 {[%emt 0:01:08]} 19. Rb1 {[%emt 0:19:58]} Qxa2 {[%emt 0:06:06]} 20. Bh6 {[%emt 0:00:17]} Rcd8 {[%emt 0:26:59]} 21. d6 {[%emt 0:22:52]} Bxd6 {[%emt 0:10:31]} 22. Qc2 {[%emt 0:07:32]} Rxe1+ {[%emt 0:09:36]} 23. Rxe1 {[%emt 0:00:11]} Qd5 {[%emt 0:05:14]} 24. Qe2 {[%emt 0:09:27]} Bf8 {[%emt 0:05:56]} 25. Bxf8 {[%emt 0:00:09]} Rxf8 {[%emt 0:00:15]} 26. Qb5 {[%emt 0:01:24]} Qd6 {[%emt 0:06:33]} 27. Rc1 {[%emt 0:02:26]} Rb8 {[%emt 0:10:45]} 28. Qa5 {[%emt 0:05:44]} Rxb2 {[%emt 0:05:28]} 29. Qxa7 {[%emt 0:00:06]} Rd2 {[%emt 0:01:46]} 30. Qa8+ {[%emt 0:01:22]} Kg7 {[%emt 0:00:09]} 31. Qf3 {[%emt 0:00:31]} Qd4 {[%emt 0:01:21]} 32. Kf1 {[%emt 0:00:45]} c4 {[%emt 0:01:35]} 33. Ke1 {[%emt 0:00:27]} Rd3 {[%emt 0:01:12]} 34. Qe2 {[%emt 0:00:13]} h5 {[%emt 0:01:22]} 35. Rd1 {[%emt 0:01:22]} Rxd1+ {[%emt 0:02:04]} 36. Qxd1 {[%emt 0:00:04]} Qxd1+ {[%emt 0:00:28]} 37. Kxd1 {[%emt 0:00:05]} Kf6 {[%emt 0:00:04]} 0-1

[Event "GER-ch Women 2020"]
[Site "Magdeburg"]
[Date "2020.08.19"]
[Round "5.4"]
[White "Dietrich, Mareike"]
[Black "Just, Anita"]
[Result "0-1"]
[WhiteElo "1699"]
[BlackElo "1912"]
[Annotator "ChessBase"]
[PlyCount "110"]
[EventDate "2020.08.16"]
[EventType "swiss"]
[EventCountry "GER"]
[SourceTitle "playchess.com"]
[Source "ChessBase"]
[SourceQuality "1"]
[TimeControl "40/5400+30:1800+30"]

1. e4 {[%emt 0:00:00]} e6 {[%emt 0:00:00]} 2. d4 {[%emt 0:00:00]} d5 {[%emt 0:00:00]} 3. Nd2 {[%emt 0:00:00]} c5 {[%emt 0:00:00]} 4. exd5 {[%emt 0:00:16]} Qxd5 {[%emt 0:00:02]} 5. Ngf3 {[%emt 0:00:19]} cxd4 {[%emt 0:00:07]} 6. Bc4 {[%emt 0:00:30]} Qd6 {[%emt 0:00:07]} 7. O-O {[%emt 0:00:59]} Nc6 {[%emt 0:02:08]} 8. Ne4 {[%emt 0:00:13]} Qd8 {[%emt 0:00:39]} 9. Qe2 {[%emt 0:03:08]} Nf6 {[%emt 0:04:17]} 10. Rd1 {[%emt 0:00:16]} Be7 {[%emt 0:01:39]} 11. c3 {[%emt 0:00:06]} O-O {[%emt 0:00:59]} 12. Nxd4 {[%emt 0:00:06]} Nxd4 {[%emt 0:06:25]} 13. Rxd4 {[%emt 0:00:13]} Qc7 {[%emt 0:03:29]} 14. Bb3 {[%emt 0:01:04]} e5 {[%emt 0:11:49]} 15. Rc4 {[%emt 0:02:28]} Qd8 {[%emt 0:02:47]} 16. Nxf6+ {[%emt 0:20:29]} Bxf6 {[%emt 0:00:33]} 17. Qe4 {[%emt 0:05:33]} Be6 {[%emt 0:06:35]} 18. Bc2 {[%emt 0:01:04]} g6 {[%emt 0:00:24]} 19. Rc5 {[%emt 0:02:58]} b6 {[%emt 0:08:50]} 20. Rxe5 {[%emt 0:05:48]} Bxe5 {[%emt 0:00:53]} 21. Qxe5 {[%emt 0:00:02]} Qd5 {[%emt 0:00:40]} 22. Qf6 {[%emt 0:00:50]} Qd8 {[%emt 0:04:21]} 23. Qe5 {[%emt 0:00:24]} Re8 {[%emt 0:07:42]} 24. Bg5 {[%emt 0:03:46]} Bf5 {[%emt 0:06:11]} 25. Qf4 {[%emt 0:08:09]} f6 {[%emt 0:03:19]} 26. Bb3+ {[%emt 0:01:51]} Kh8 {[%emt 0:00:58]} 27. Bh6 {[%emt 0:02:08]} Qe7 {[%emt 0:02:10]} 28. g4 {[%emt 0:02:33]} Be4 {[%emt 0:07:08]} 29. g5 {[%emt 0:02:47]} Bf5 {[%emt 0:07:39]} 30. Qd4 {[%emt 0:01:08]} Be6 {[%emt 0:02:24]} 31. Re1 {[%emt 0:05:59]} Qf7 {[%emt 0:01:08]} 32. Ba4 {[%emt 0:14:33]} Red8 {[%emt 0:07:33]} 33. Qe3 {[%emt 0:00:08]} Bc4 {[%emt 0:01:17]} 34. gxf6 {[%emt 0:00:19]} b5 {[%emt 0:00:19]} 35. Bc2 {[%emt 0:05:19]} Re8 {[%emt 0:00:27]} 36. Bg7+ {[%emt 0:00:13]} Kg8 {[%emt 0:00:01]} 37. Qd2 {[%emt 0:00:16]} Rxe1+ {[%emt 0:00:09]} 38. Qxe1 {[%emt 0:00:01]} Re8 {[%emt 0:00:08]} 39. Qd2 {[%emt 0:04:10]} Qe6 {[%emt 0:01:09]} 40. Qd4 {[%emt 0:01:41]} Bd5 {[%emt 0:00:54]} 41. Qe3 {[%emt 0:34:26]} Qxe3 {[%emt 0:31:01]} 42. fxe3 {[%emt 0:02:17]} Rxe3 {[%emt 0:00:00]} 43. Kf2 {[%emt 0:00:00]} Rf3+ {[%emt 0:00:00]} 44. Kg1 {[%emt 0:00:00]} Bxa2 {[%emt 0:00:00]} 45. Be4 {[%emt 0:00:00]} Re3 {[%emt 0:00:00]} 46. Bc6 {[%emt 0:00:00]} Bc4 {[%emt 0:00:00]} 47. Bh6 {[%emt 0:00:00]} Re6 {[%emt 0:00:00]} 48. Bd7 {[%emt 0:00:00]} Rxf6 {[%emt 0:00:00]} 49. Be3 {[%emt 0:00:00]} Rd6 {[%emt 0:00:00]} 50. Bg4 {[%emt 0:00:00]} a5 {[%emt 0:00:00]} 51. Bd4 {[%emt 0:00:00]} a4 {[%emt 0:00:00]} 52. Kf2 {[%emt 0:00:00]} Rxd4 {[%emt 0:00:00]} 53. cxd4 {[%emt 0:00:00]} b4 {[%emt 0:00:00]} 54. Ke3 {[%emt 0:00:00]} a3 {[%emt 0:00:00]} 55. Kd2 {[%emt 0:00:00]} a2 {[%emt 0:00:00]} 0-1

[Event "GER-ch Women 2020"]
[Site "Magdeburg"]
[Date "2020.08.19"]
[Round "5.5"]
[White "Bluebaum, Johanna"]
[Black "Bardorz, Jana"]
[Result "0-1"]
[WhiteElo "2011"]
[BlackElo "2000"]
[Annotator "ChessBase"]
[PlyCount "64"]
[EventDate "2020.08.16"]
[EventType "swiss"]
[EventCountry "GER"]
[SourceTitle "playchess.com"]
[Source "ChessBase"]
[SourceQuality "1"]
[TimeControl "40/5400+30:1800+30"]

1. d4 {[%emt 0:00:00]} Nf6 {[%emt 0:00:00]} 2. c4 {[%emt 0:00:00]} g6 {[%emt 0:00:00]} 3. Nc3 {[%emt 0:00:00]} Bg7 {[%emt 0:00:00]} 4. e4 {[%emt 0:00:00]} d6 {[%emt 0:00:00]} 5. Nf3 {[%emt 0:00:20]} O-O {[%emt 0:00:04]} 6. Be2 {[%emt 0:00:04]} e5 {[%emt 0:00:16]} 7. Be3 {[%emt 0:00:06]} exd4 {[%emt 0:00:30]} 8. Nxd4 {[%emt 0:00:53]} Re8 {[%emt 0:00:19]} 9. f3 {[%emt 0:24:03]} c6 {[%emt 0:00:58]} 10. Nc2 {[%emt 0:05:04]} d5 {[%emt 0:10:19]} 11. O-O {[%emt 0:10:12]} dxe4 {[%emt 0:05:56]} 12. Qxd8 {[%emt 0:05:18]} Rxd8 {[%emt 0:00:07]} 13. Rad1 {[%emt 0:01:11]} Re8 {[%emt 0:04:09]} 14. fxe4 {[%emt 0:09:07]} Nbd7 {[%emt 0:04:44]} 15. Bd3 {[%emt 0:11:58]} Ne5 {[%emt 0:02:36]} 16. Bg5 {[%emt 0:02:09]} Nxd3 {[%emt 0:03:55]} 17. Bxf6 {[%emt 0:08:16]} Nxb2 {[%emt 0:05:56]} 18. Rd4 {[%emt 0:02:59]} Be6 {[%emt 0:02:40]} 19. c5 {[%emt 0:01:45]} Bxf6 {[%emt 0:08:25]} 20. Rxf6 {[%emt 0:00:07]} Kg7 {[%emt 0:01:04]} 21. Rf1 {[%emt 0:01:56]} Nc4 {[%emt 0:01:25]} 22. Rfd1 {[%emt 0:01:01]} b6 {[%emt 0:04:31]} 23. Na4 {[%emt 0:01:23]} b5 {[%emt 0:02:37]} 24. Nc3 {[%emt 0:00:15]} a5 {[%emt 0:01:27]} 25. Kf2 {[%emt 0:00:20]} Kf8 {[%emt 0:04:50]} 26. h3 {[%emt 0:02:31]} Ke7 {[%emt 0:01:12]} 27. Ke2 {[%emt 0:00:40]} Red8 {[%emt 0:03:09]} 28. Rxd8 {[%emt 0:01:31]} Rxd8 {[%emt 0:00:06]} 29. Nd4 {[%emt 0:00:25]} Ne5 {[%emt 0:01:31]} 30. Rd2 {[%emt 0:01:03]} b4 {[%emt 0:07:44]} 31. Nxe6 {[%emt 0:02:08]} Rxd2+ {[%emt 0:00:28]} 32. Kxd2 {[%emt 0:00:05]} bxc3+ {[%emt 0:00:16]} 0-1